International marketing management / (Record no. 4474)

000 -LEADER
fixed length control field 01178cam a22003494a 4500
001 - CONTROL NUMBER
control field 15181243
003 - CONTROL NUMBER IDENTIFIER
control field OSt
005 - DATE AND TIME OF LATEST TRANSACTION
control field 20260330122143.0
008 - FIXED-LENGTH DATA ELEMENTS--GENERAL INFORMATION
fixed length control field 080214s2008 ii a 001 0 eng
010 ## - LIBRARY OF CONGRESS CONTROL NUMBER
LC control number 2008007161
020 ## - INTERNATIONAL STANDARD BOOK NUMBER
International Standard Book Number 9783662667996
035 ## - SYSTEM CONTROL NUMBER
System control number 15181243
040 ## - CATALOGING SOURCE
Original cataloging agency DLC
Transcribing agency DLC
Modifying agency DLC
043 ## - GEOGRAPHIC AREA CODE
Geographic area code a-ii---
050 00 - LIBRARY OF CONGRESS CALL NUMBER
Classification number HF1416.B47 2023
082 00 - DEWEY DECIMAL CLASSIFICATION NUMBER
Classification number 658.8/4
Edition number 22
100 1# - MAIN ENTRY--PERSONAL NAME
Personal name Berndt, Ralph
245 10 - TITLE STATEMENT
Title International marketing management /
Statement of responsibility, etc Ralph Berndt, Claudia F. Altobelli & Mathias Sander
300 ## - PHYSICAL DESCRIPTION
Extent 583 p. :
Other physical details ill. ;
Dimensions 24 cm.
500 ## - GENERAL NOTE
General note Includes index.
650 #0 - SUBJECT ADDED ENTRY--TOPICAL TERM
Topical term or geographic name as entry element Export marketing
General subdivision Management.
650 #0 - SUBJECT ADDED ENTRY--TOPICAL TERM
Topical term or geographic name as entry element Export marketing
Geographic subdivision India
General subdivision Management.
650 #0 - SUBJECT ADDED ENTRY--TOPICAL TERM
Topical term or geographic name as entry element International trade.
650 #0 - SUBJECT ADDED ENTRY--TOPICAL TERM
Topical term or geographic name as entry element International trade
Geographic subdivision India.
700 ## - ADDED ENTRY--PERSONAL NAME
Personal name Altobelli, F. Claudia
700 ## - ADDED ENTRY--PERSONAL NAME
Personal name Sander, Matthias
856 41 - ELECTRONIC LOCATION AND ACCESS
Materials specified Table of contents only
Uniform Resource Identifier <a href="http://www.loc.gov/catdir/toc/ecip0811/2008007161.html">http://www.loc.gov/catdir/toc/ecip0811/2008007161.html</a>
906 ## - LOCAL DATA ELEMENT F, LDF (RLIN)
a 7
b cbc
c orignew
d 1
e ecip
f 20
g y-gencatlg
942 ## - ADDED ENTRY ELEMENTS (KOHA)
Source of classification or shelving scheme
Koha item type Book
Holdings
Withdrawn status Lost status Source of classification or shelving scheme Damaged status Not for loan Home library Current library Shelving location Date acquired Total Checkouts Full call number Barcode Date last seen Copy number Price effective from Koha item type
          Riara University Library Riara University Library General stack 30/03/2026   HF1416.B47 2023 10878/26 30/03/2026 C.1 30/03/2026 Book
          Riara University Library Riara University Library General stack 30/03/2026   HF1416.B47 2023 10879/26 30/03/2026 C.2 30/03/2026 Book

Riara University Library,
P.O. Box 49940-00100,
Nairobi, Kenya.